Bundesland nach Autobahnkreuz - Statistiken

Allgemein
  • Dieses Quiz wurde 117 mal gespielt
  • Das Durchschnittsergebnis liegt bei 9 aus 16
Antwortstatistiken
Hint Antwort % Korrekt
Kreuz Wismar Mecklenburg-Vorpommern
78%
Kreuz Schöneberg Berlin
76%
Kreuz Neunkirchen Saarland
76%
Kreuz Oberpfälzer Wald Bayern
74%
Kamener Kreuz Nordrhein-Westfalen
70%
Kreuz Rendsburg Schleswig-Holstein
66%
Dreieck Norderelbe Hamburg
63%
Schönefelder Kreuz Brandenburg
60%
Maschener Kreuz Niedersachsen
56%
Schkeuditzer Kreuz Sachsen
53%
Kreuz Frankenthal Rheinland-Pfalz
52%
Dreieck Industriehäfen Bremen
48%
Hermsdorfer Kreuz Thüringen
48%
Viernheimer Kreuz Baden-Württemberg
46%
Gambacher Kreuz Hessen
43%
Kreuz Rippachtal Sachsen-Anhalt
30%
Keine übereinstimmenden Quizze gefunden
Verteilung der Resultate
Anzahl Personen mit jedem Resultat
Perzentil nach korrekt beantworteten Fragen
Ihre Resultats-Entwicklung
Sie haben dieses Quiz noch nicht gespielt